000
00472nam a2200145Ia 4500
008
090124s9999 xx 000 0 und d
082
_b
401217
245
_a
अंधारातून प्रकाशाकडे
250
_a
1
260
_b
काळे शैलजा.
_c
1979
300
_a
120
630
_a
अंधारातून प्रकाशाकडे
730
_a
अंधारातून प्रकाशाकडे
942
_c
BOOK
999
_c
197601
_d
197601